Development of agriculture and forestry in the tropics: Patterns problems and promise (Record no. 21427)

MARC details
000 -LEADER
fixed length control field 00416nam a2200133Ia 4500
082 ## - DEWEY DECIMAL CLASSIFICATION NUMBER
Classification number 38.43.01+630
Item number PHI
100 ## - MAIN ENTRY--AUTHOR NAME
Personal name PHILLIPS, John
245 #0 - TITLE STATEMENT
Title Development of agriculture and forestry in the tropics: Patterns problems and promise
260 ## - PUBLICATION, DISTRIBUTION, ETC. (IMPRINT)
Place of publication London
Name of publisher Faber and Faber
Year of publication 1966
650 ## - SUBJECT ADDED ENTRY--TOPICAL TERM
Topical Term Agriculture development
650 ## - SUBJECT ADDED ENTRY--TOPICAL TERM
Topical Term Forest conservation
942 ## - ADDED ENTRY ELEMENTS (KOHA)
Koha item type Books
Holdings
Withdrawn status Lost status Damaged status Not for loan Home library Current library Date acquired Full call number Accession Number Koha item type
        RRII Library RRII Library 16/12/2021 38.43.01+630 PHI 02143 Books